000 00403nam a2200181Ia 4500
001 10265
005 20260306161819.0
008 260306t1963||||xx |||||||||||||| ||spa||
041 _aESP
082 _a910.458
_bT869A
100 _aToynbee, Arnold J.
_eAUT
245 0 _aEntre el oxo y el yumna
260 _c1963
300 _a
_c
650 _aGEN
654 _aCHU
942 _cLIB
_dJUS
_fJUS
_2ddc
_n
999 _c10265
_d10265